000 00549nam a2200169 a 4500
001 000030009
005 20200930055957.0
008 110428s197u dr 000 0 spa d
040 _aDO-SdBNP
_bspa
_cBNPHU
041 1 7 _aspa
_beng
082 _axxx
_bP948a
100 1 _aPriego, Joaquín
_938643
245 1 0 _aAmbar, maravilloso tesoro nuestro = Amber, our maravellous treasure /
_cJoaquín Priego.
246 1 1 _aAmber, our maravellous treasure
260 _aSanto Domingo :
_bCentro Nacional de Artesanía,
_c[19--?].
300 _a19 cm. ; :
_b22 cm.
999 _c29501
_d29501